[Event "HSG Open 2016"]
[Site "Hilversum"]
[Date "2016.06.19"]
[Round "6.6"]
[White "Kuipers, Stefan"]
[Black "Henseler, Jorgen"]
[Result "1-0"]
[BlackElo "2031"]
[WhiteElo "2409"]
[LiveChessVersion "1.4.8"]

1. e4 {[%clk 1:50:18]} c5 {[%clk 1:50:15]} 2. Nf3 {[%clk 1:50:22]} d6
{[%clk 1:50:20]} 3. d4 {[%clk 1:50:26]} cxd4 {[%clk 1:50:25]} 4. Nxd4
{[%clk 1:50:31]} Nf6 {[%clk 1:50:27]} 5. Nc3 {[%clk 1:50:35]} a6 {[%clk 1:50:33]}
6. h3 {[%clk 1:50:26]} e6 {[%clk 1:50:06]} 7. g4 {[%clk 1:50:23]} Be7
{[%clk 1:48:31]} 8. g5 {[%clk 1:49:47]} Nfd7 {[%clk 1:48:01]} 9. h4
{[%clk 1:49:49]} b5 {[%clk 1:41:00]} 10. a3 {[%clk 1:48:58]} Qc7 {[%clk 1:38:58]}
11. Be3 {[%clk 1:47:55]} Bb7 {[%clk 1:37:10]} 12. Rg1 {[%clk 1:46:59]} Nc6
{[%clk 1:35:30]} 13. h5 {[%clk 1:44:53]} O-O-O {[%clk 1:13:03]} 14. Nxc6
{[%clk 1:37:06]} Qxc6 {[%clk 1:10:29]} 15. Qd4 {[%clk 1:36:31]} Ne5
{[%clk 1:07:21]} 16. Be2 {[%clk 1:34:26]} g6 {[%clk 0:57:31]} 17. a4
{[%clk 1:25:41]} b4 {[%clk 0:47:04]} 18. Qxb4 {[%clk 1:25:19]} Rhe8
{[%clk 0:33:14]} 19. Qb6 {[%clk 1:19:44]} d5 {[%clk 0:32:18]} 20. Qxc6+
{[%clk 1:04:11]} Nxc6 {[%clk 0:31:30]} 21. Bb6 {[%clk 1:04:16]} Rd7
{[%clk 0:30:53]} 22. exd5 {[%clk 1:03:21]} exd5 {[%clk 0:30:00]} 23. O-O-O
{[%clk 1:03:19]} d4 {[%clk 0:25:00]} 24. f4 {[%clk 0:44:10]} Bd8 {[%clk 0:14:01]}
25. Bxd8 {[%clk 0:43:51]} Rdxd8 {[%clk 0:12:50]} 26. Bg4+ {[%clk 0:43:51]} Kc7
{[%clk 0:12:49]} 27. Ne2 {[%clk 0:42:40]} Re3 {[%clk 0:09:45]} 28. Rg3
{[%clk 0:39:45]} Rxg3 {[%clk 0:05:55]} 29. Nxg3 {[%clk 0:39:48]} Nb4
{[%clk 0:05:13]} 30. Be2 {[%clk 0:32:42]} a5 {[%clk 0:05:12]} 31. Bc4
{[%clk 0:31:23]} Bf3 {[%clk 0:04:18]} 32. Rf1 {[%clk 0:30:52]} Bd5
{[%clk 0:04:16]} 33. Bxd5 {[%clk 0:30:13]} Nxd5 {[%clk 0:04:03]} 34. f5
{[%clk 0:29:04]} Ne3 {[%clk 0:03:58]} 35. Rf3 {[%clk 0:28:14]} Rd5
{[%clk 0:03:58]} 36. fxg6 {[%clk 0:27:15]} fxg6 {[%clk 0:04:03]} 37. Rf7+
{[%clk 0:26:26]} Kc6 {[%clk 0:04:12]} 38. Rf6+ {[%clk 0:25:42]} Rd6
{[%clk 0:03:37]} 39. Ne4 {[%clk 0:22:40]} Rxf6 {[%clk 0:03:39]} 40. Nxf6
{[%clk 0:22:39]} Kd6 {[%clk 0:03:27]} 41. h6 {[%clk 0:22:34]} Ke7
{[%clk 0:03:14]} 42. Nxh7 {[%clk 0:22:30]} Ng4 {[%clk 0:02:35]} 43. Kd2
{[%clk 0:22:27]} Ne5 {[%clk 0:02:22]} 44. Nf6 {[%clk 0:22:10]} Nf3+
{[%clk 0:02:31]} 45. Kd3 {[%clk 0:22:12]} Nxg5 {[%clk 0:02:39]} 46. h7
{[%clk 0:22:08]} Nf7 {[%clk 0:02:22]} 47. Ne4 {[%clk 0:21:30]} Kf8
{[%clk 0:02:01]} 48. Ng5 {[%clk 0:21:23]} 1-0

[Event "HSG Open 2016"]
[Site "Hilversum"]
[Date "2016.06.19"]
[Round "6.7"]
[White "Visser, Henk-Jan"]
[Black "Warmerdam, Max"]
[Result "1-0"]
[BlackElo "2382"]
[WhiteElo "2251"]
[LiveChessVersion "1.4.8"]

1. e4 {[%clk 1:50:15]} e5 {[%clk 1:50:17]} 2. Nf3 {[%clk 1:50:16]} Nc6
{[%clk 1:50:23]} 3. Bb5 {[%clk 1:50:08]} a6 {[%clk 1:50:28]} 4. Ba4
{[%clk 1:50:14]} Nf6 {[%clk 1:50:34]} 5. O-O {[%clk 1:50:12]} Be7
{[%clk 1:50:42]} 6. d3 {[%clk 1:50:08]} b5 {[%clk 1:50:45]} 7. Bb3
{[%clk 1:50:11]} d6 {[%clk 1:50:45]} 8. a3 {[%clk 1:50:11]} O-O {[%clk 1:50:06]}
9. Nc3 {[%clk 1:50:04]} Bg4 {[%clk 1:49:41]} 10. Be3 {[%clk 1:50:03]} Nd4
{[%clk 1:49:47]} 11. Bxd4 {[%clk 1:49:56]} exd4 {[%clk 1:49:52]} 12. Nd5
{[%clk 1:49:55]} c6 {[%clk 1:44:05]} 13. h3 {[%clk 1:47:44]} cxd5
{[%clk 1:13:09]} 14. hxg4 {[%clk 1:47:29]} dxe4 {[%clk 1:12:45]} 15. Nxd4
{[%clk 1:15:30]} exd3 {[%clk 0:38:57]} 16. Re1 {[%clk 1:04:22]} Rc8
{[%clk 0:26:34]} 17. Nf5 {[%clk 0:26:10]} dxc2 {[%clk 0:18:23]} 18. Bxc2
{[%clk 0:25:45]} Re8 {[%clk 0:17:34]} 19. g5 {[%clk 0:21:30]} Nd7
{[%clk 0:16:57]} 20. Qd3 {[%clk 0:19:33]} Nf8 {[%clk 0:15:41]} 21. Qd4
{[%clk 0:15:10]} Ne6 {[%clk 0:09:32]} 22. Rxe6 {[%clk 0:14:41]} Bf8
{[%clk 0:09:37]} 23. Rxe8 {[%clk 0:12:29]} Qxe8 {[%clk 0:09:44]} 24. Bb3
{[%clk 0:10:21]} Qd7 {[%clk 0:09:30]} 25. Ne3 {[%clk 0:10:01]} Rc5
{[%clk 0:09:27]} 26. Nd5 {[%clk 0:08:48]} Qf5 {[%clk 0:09:29]} 27. Qd2
{[%clk 0:08:26]} a5 {[%clk 0:09:08]} 28. Re1 {[%clk 0:08:27]} a4 {[%clk 0:08:22]}
29. Re8 {[%clk 0:08:02]} Qb1+ {[%clk 0:08:20]} 30. Kh2 {[%clk 0:07:52]} h6
{[%clk 0:08:19]} 31. g6 {[%clk 0:06:53]} fxg6 {[%clk 0:07:12]} 32. Nc3+
{[%clk 0:06:57]} 1-0

[Event "HSG Open 2016"]
[Site "Hilversum"]
[Date "2016.06.19"]
[Round "6.8"]
[White "Peng, Zhaoqin"]
[Black "Ni, Viktorija"]
[Result "1-0"]
[BlackElo "2217"]
[WhiteElo "2379"]
[LiveChessVersion "1.4.8"]

1. d4 {[%clk 1:48:33]} Nf6 {[%clk 1:42:24]} 2. c4 {[%clk 1:48:29]} g6
{[%clk 1:42:21]} 3. Nc3 {[%clk 1:48:35]} Bg7 {[%clk 1:42:28]} 4. e4
{[%clk 1:48:24]} O-O {[%clk 1:42:28]} 5. Nf3 {[%clk 1:46:39]} d6 {[%clk 1:42:09]}
6. Be2 {[%clk 1:46:40]} c5 {[%clk 1:41:47]} 7. d5 {[%clk 1:46:40]} e6
{[%clk 1:41:28]} 8. O-O {[%clk 1:46:09]} exd5 {[%clk 1:40:58]} 9. cxd5
{[%clk 1:46:09]} Bg4 {[%clk 1:39:53]} 10. Bf4 {[%clk 1:42:21]} Nh5
{[%clk 1:27:22]} 11. Bg5 {[%clk 1:40:00]} Nf6 {[%clk 1:24:53]} 12. Nd2
{[%clk 1:25:12]} Bxe2 {[%clk 1:24:14]} 13. Qxe2 {[%clk 1:25:20]} Re8
{[%clk 1:19:56]} 14. Rfe1 {[%clk 1:18:59]} h6 {[%clk 1:10:31]} 15. Bh4
{[%clk 1:16:35]} a6 {[%clk 1:00:16]} 16. a4 {[%clk 1:16:31]} b6 {[%clk 0:59:44]}
17. Nc4 {[%clk 1:10:31]} Ra7 {[%clk 0:55:35]} 18. Qc2 {[%clk 1:09:59]} Rb7
{[%clk 0:48:10]} 19. f3 {[%clk 0:37:38]} g5 {[%clk 0:43:36]} 20. Bf2
{[%clk 0:35:54]} Nh5 {[%clk 0:42:03]} 21. Ne2 {[%clk 0:33:09]} b5
{[%clk 0:34:26]} 22. axb5 {[%clk 0:33:10]} axb5 {[%clk 0:34:06]} 23. Ne3
{[%clk 0:33:09]} Nd7 {[%clk 0:32:46]} 24. Nf5 {[%clk 0:31:17]} Ne5
{[%clk 0:31:55]} 25. Ra6 {[%clk 0:26:23]} Rb6 {[%clk 0:29:00]} 26. Rea1
{[%clk 0:26:32]} Rxa6 {[%clk 0:28:30]} 27. Rxa6 {[%clk 0:26:39]} Bf8
{[%clk 0:28:23]} 28. Bg3 {[%clk 0:22:44]} b4 {[%clk 0:18:48]} 29. Bxe5
{[%clk 0:22:10]} Rxe5 {[%clk 0:18:19]} 30. g4 {[%clk 0:21:03]} Nf6
{[%clk 0:16:19]} 31. Neg3 {[%clk 0:20:57]} Qb8 {[%clk 0:09:57]} 32. Ne3
{[%clk 0:17:00]} Qb5 {[%clk 0:08:23]} 33. Qc4 {[%clk 0:16:08]} Qb8
{[%clk 0:07:02]} 34. Qa2 {[%clk 0:15:23]} Re8 {[%clk 0:06:11]} 35. Qa4
{[%clk 0:13:18]} Rd8 {[%clk 0:05:50]} 36. Nc4 {[%clk 0:11:55]} Nd7
{[%clk 0:01:40]} 37. Nf5 {[%clk 0:12:00]} Ne5 {[%clk 0:01:14]} 38. Nxe5
{[%clk 0:11:44]} dxe5 {[%clk 0:01:23]} 39. Nxh6+ {[%clk 0:11:44]} Bxh6
{[%clk 0:01:24]} 40. Rxh6 {[%clk 0:11:47]} c4 {[%clk 0:01:16]} 41. Qa6
{[%clk 0:10:12]} c3 {[%clk 0:00:50]} 42. Qf6 {[%clk 0:09:45]} Qa7+
{[%clk 0:00:33]} 43. Kg2 {[%clk 0:09:47]} 1-0

[Event "HSG Open 2016"]
[Site "Hilversum"]
[Date "2016.06.19"]
[Round "6.9"]
[White "De Roda Husman, Juan"]
[Black "Blees, Albert"]
[Result "1/2-1/2"]
[BlackElo "2403"]
[WhiteElo "2242"]
[LiveChessVersion "1.4.8"]

1. Nf3 {[%clk 1:50:17]} Nf6 {[%clk 1:49:55]} 2. c4 {[%clk 1:50:03]} g6
{[%clk 1:49:45]} 3. Nc3 {[%clk 1:49:39]} Bg7 {[%clk 1:49:45]} 4. g3
{[%clk 1:49:15]} d6 {[%clk 1:49:27]} 5. Bg2 {[%clk 1:48:54]} O-O {[%clk 1:48:50]}
6. O-O {[%clk 1:48:22]} e5 {[%clk 1:48:28]} 7. d3 {[%clk 1:47:35]} h6
{[%clk 1:47:44]} 8. Rb1 {[%clk 1:46:20]} a5 {[%clk 1:47:18]} 9. a3
{[%clk 1:43:42]} Re8 {[%clk 1:46:38]} 10. b4 {[%clk 1:34:33]} axb4
{[%clk 1:46:30]} 11. axb4 {[%clk 1:34:38]} e4 {[%clk 1:45:30]} 12. Nxe4
{[%clk 1:32:40]} Nxe4 {[%clk 1:45:26]} 13. dxe4 {[%clk 1:32:44]} Rxe4
{[%clk 1:45:29]} 14. Nd2 {[%clk 1:31:22]} Re8 {[%clk 1:45:13]} 15. Bb2
{[%clk 1:30:38]} Bxb2 {[%clk 1:41:25]} 16. Rxb2 {[%clk 1:30:41]} Qf6
{[%clk 1:40:22]} 17. Rb1 {[%clk 1:29:42]} Ra2 {[%clk 1:21:29]} 18. Ne4
{[%clk 1:19:00]} Qe5 {[%clk 1:19:59]} 19. Ra1 {[%clk 1:12:03]} Rxa1
{[%clk 1:17:57]} 20. Qxa1 {[%clk 1:11:57]} Kg7 {[%clk 1:17:50]} 21. e3
{[%clk 1:06:53]} Na6 {[%clk 1:15:30]} 22. b5 {[%clk 1:05:11]} Qxa1
{[%clk 1:03:15]} 23. Rxa1 {[%clk 1:05:03]} Nb4 {[%clk 1:02:44]} 24. Ra7
{[%clk 0:59:19]} d5 {[%clk 0:51:58]} 25. cxd5 {[%clk 0:58:05]} Nxd5
{[%clk 0:52:00]} 26. Nd6 {[%clk 0:56:46]} cxd6 {[%clk 0:52:02]} 27. Bxd5
{[%clk 0:56:50]} Re7 {[%clk 0:48:41]} 28. b6 {[%clk 0:55:23]} Kf6
{[%clk 0:47:51]} 29. f4 {[%clk 0:52:44]} Rxe3 {[%clk 0:45:59]} 30. Bxb7
{[%clk 0:52:46]} Bxb7 {[%clk 0:46:01]} 31. Rxb7 {[%clk 0:52:51]} Rb3
{[%clk 0:45:41]} 32. Kf2 {[%clk 0:43:39]} Ke6 {[%clk 0:41:11]} 33. g4
{[%clk 0:41:48]} f5 {[%clk 0:37:44]} 34. gxf5+ {[%clk 0:40:37]} Kxf5
{[%clk 0:37:22]} 35. Rf7+ {[%clk 0:40:00]} Ke6 {[%clk 0:37:08]} 36. Rg7
{[%clk 0:39:23]} Kf6 {[%clk 0:37:10]} 37. Rb7 {[%clk 0:39:22]} Kf5
{[%clk 0:30:28]} 38. Rf7+ {[%clk 0:38:20]} Ke6 {[%clk 0:29:15]} 39. Rg7
{[%clk 0:38:24]} Rxb6 {[%clk 0:29:14]} 40. Rxg6+ {[%clk 0:38:11]} Kf5
{[%clk 0:29:17]} 41. Rxh6 {[%clk 0:37:58]} Kxf4 {[%clk 0:29:20]} 42. Rh4+
{[%clk 0:37:48]} Ke5 1/2-1/2

[Event "HSG Open 2016"]
[Site "Hilversum"]
[Date "2016.06.19"]
[Round "6.10"]
[White "Floor, Dirk"]
[Black "Zult, Daan"]
[Result "1-0"]
[BlackElo "2327"]
[WhiteElo "2225"]
[LiveChessVersion "1.4.8"]

1. e4 {[%clk 1:50:16]} e5 {[%clk 1:50:15]} 2. Nf3 {[%clk 1:50:19]} Nc6
{[%clk 1:50:22]} 3. Bc4 {[%clk 1:50:15]} Nf6 {[%clk 1:50:24]} 4. d3
{[%clk 1:50:15]} Be7 {[%clk 1:50:28]} 5. O-O {[%clk 1:50:15]} d6 {[%clk 1:50:29]}
6. a4 {[%clk 1:50:18]} Na5 {[%clk 1:49:24]} 7. Ba2 {[%clk 1:50:10]} c5
{[%clk 1:49:29]} 8. Nbd2 {[%clk 1:48:39]} O-O {[%clk 1:49:26]} 9. Re1
{[%clk 1:48:03]} Re8 {[%clk 1:44:48]} 10. Nf1 {[%clk 1:45:54]} h6
{[%clk 1:44:09]} 11. c3 {[%clk 1:38:13]} Bf8 {[%clk 1:41:54]} 12. h3
{[%clk 1:28:21]} Nc6 {[%clk 1:40:09]} 13. Ne3 {[%clk 1:26:17]} Be6
{[%clk 1:29:28]} 14. Bxe6 {[%clk 1:23:32]} Rxe6 {[%clk 1:28:35]} 15. Nd5
{[%clk 1:21:53]} Re8 {[%clk 1:21:36]} 16. Nxf6+ {[%clk 1:21:49]} Qxf6
{[%clk 1:21:38]} 17. Nh2 {[%clk 1:21:40]} Qe6 {[%clk 1:18:54]} 18. Ng4
{[%clk 1:19:20]} Kh7 {[%clk 1:07:50]} 19. Ne3 {[%clk 1:18:19]} g6
{[%clk 1:05:29]} 20. Qg4 {[%clk 1:11:27]} h5 {[%clk 0:49:11]} 21. Qxe6
{[%clk 1:11:02]} Rxe6 {[%clk 0:49:17]} 22. g4 {[%clk 1:09:16]} hxg4
{[%clk 0:47:12]} 23. hxg4 {[%clk 1:08:57]} Bh6 {[%clk 0:46:12]} 24. Nd5
{[%clk 1:08:26]} Bxc1 {[%clk 0:43:45]} 25. Raxc1 {[%clk 1:06:53]} Rh8
{[%clk 0:43:33]} 26. g5 {[%clk 0:58:28]} Kg7 {[%clk 0:43:21]} 27. Nf6
{[%clk 0:53:43]} Re7 {[%clk 0:42:14]} 28. Kg2 {[%clk 0:51:47]} Rc7
{[%clk 0:42:07]} 29. Rh1 {[%clk 0:49:13]} Rcc8 {[%clk 0:42:12]} 30. Kg3
{[%clk 0:47:46]} Nb8 {[%clk 0:28:33]} 31. f4 {[%clk 0:39:56]} exf4+
{[%clk 0:28:09]} 32. Kxf4 {[%clk 0:39:51]} Nc6 {[%clk 0:25:31]} 33. d4
{[%clk 0:34:44]} Rcd8 {[%clk 0:24:47]} 34. Rxh8 {[%clk 0:33:09]} Rxh8
{[%clk 0:24:47]} 35. dxc5 {[%clk 0:32:50]} dxc5 {[%clk 0:24:51]} 36. Rd1
{[%clk 0:31:15]} Rh2 {[%clk 0:23:53]} 37. b4 {[%clk 0:26:29]} Rf2+
{[%clk 0:23:38]} 38. Kg3 {[%clk 0:24:56]} Rc2 {[%clk 0:23:30]} 39. Rd3
{[%clk 0:18:51]} c4 {[%clk 0:22:54]} 40. Rd7 {[%clk 0:17:28]} Rxc3+
{[%clk 0:22:51]} 41. Kf4 {[%clk 0:16:28]} Rd3 {[%clk 0:22:13]} 42. Rxb7
{[%clk 0:15:45]} Rd1 {[%clk 0:15:56]} 43. Nd5 {[%clk 0:15:03]} Rf1+
{[%clk 0:15:05]} 44. Ke3 {[%clk 0:14:59]} Re1+ {[%clk 0:14:35]} 45. Kf4
{[%clk 0:12:41]} Nd8 {[%clk 0:13:38]} 46. Rxa7 {[%clk 0:11:48]} Ne6+
{[%clk 0:13:45]} 47. Ke5 {[%clk 0:11:13]} Nxg5 {[%clk 0:13:43]} 48. a5
{[%clk 0:10:19]} Rxe4+ {[%clk 0:12:59]} 49. Kd6 {[%clk 0:10:15]} c3
{[%clk 0:11:18]} 50. Rc7 {[%clk 0:09:36]} Re6+ {[%clk 0:11:15]} 51. Kc5
{[%clk 0:09:36]} Ne4+ {[%clk 0:10:46]} 52. Kd4 {[%clk 0:08:58]} Nd6
{[%clk 0:08:58]} 53. Nxc3 {[%clk 0:08:47]} g5 {[%clk 0:08:51]} 54. Rc5
{[%clk 0:07:18]} Kg6 {[%clk 0:07:55]} 55. a6 {[%clk 0:05:56]} Nf5+
{[%clk 0:04:11]} 56. Rxf5 {[%clk 0:05:54]} Kxf5 {[%clk 0:04:19]} 57. b5
{[%clk 0:05:34]} g4 {[%clk 0:03:57]} 58. a7 {[%clk 0:05:19]} Re8 {[%clk 0:04:06]}
59. b6 {[%clk 0:05:16]} g3 {[%clk 0:04:13]} 60. Ne2 {[%clk 0:04:07]} Rxe2
{[%clk 0:01:50]} 61. a8=Q {[%clk 0:04:13]} Kg4 {[%clk 0:01:59]} 62. Qg8+
{[%clk 0:03:57]} Kh3 {[%clk 0:02:05]} 63. Qh7+ {[%clk 0:03:43]} Kg2
{[%clk 0:02:13]} 64. Qxf7 {[%clk 0:03:19]} Kg1 {[%clk 0:01:48]} 65. Qf3
{[%clk 0:02:50]} 1-0

[Event "HSG Open 2016"]
[Site "Hilversum"]
[Date "2016.06.19"]
[Round "6.11"]
[White "De Boer, Eelke"]
[Black "Kollen, Zyon"]
[Result "0-1"]
[BlackElo "2325"]
[WhiteElo "2168"]
[LiveChessVersion "1.4.8"]

1. e4 {[%clk 1:50:17]} e6 {[%clk 1:50:15]} 2. d4 {[%clk 1:50:21]} d5
{[%clk 1:50:21]} 3. Nc3 {[%clk 1:50:26]} Bb4 {[%clk 1:50:27]} 4. e5
{[%clk 1:50:30]} c5 {[%clk 1:50:33]} 5. a3 {[%clk 1:50:34]} Bxc3+
{[%clk 1:50:37]} 6. bxc3 {[%clk 1:50:37]} Qa5 {[%clk 1:50:44]} 7. Bd2
{[%clk 1:50:37]} Qa4 {[%clk 1:50:50]} 8. Qg4 {[%clk 1:46:39]} g6 {[%clk 1:50:43]}
9. Nf3 {[%clk 1:46:15]} Nc6 {[%clk 1:50:26]} 10. Be2 {[%clk 1:45:30]} c4
{[%clk 1:47:52]} 11. Ra2 {[%clk 1:43:15]} Bd7 {[%clk 1:47:29]} 12. Qh4
{[%clk 1:43:12]} h6 {[%clk 1:32:34]} 13. O-O {[%clk 1:22:50]} Nce7
{[%clk 1:20:31]} 14. Bg5 {[%clk 1:21:11]} Qa5 {[%clk 1:18:16]} 15. Rb1
{[%clk 1:15:08]} Bc6 {[%clk 1:08:50]} 16. Rb4 {[%clk 1:08:01]} Qc7
{[%clk 1:02:56]} 17. a4 {[%clk 1:04:10]} a5 {[%clk 1:01:21]} 18. Rb1
{[%clk 1:03:45]} Ra6 {[%clk 0:54:22]} 19. Rab2 {[%clk 1:00:51]} Nc8
{[%clk 0:53:42]} 20. Ra2 {[%clk 0:43:45]} Nb6 {[%clk 0:51:59]} 21. Rba1
{[%clk 0:43:07]} Qd7 {[%clk 0:50:57]} 22. Bf6 {[%clk 0:42:52]} Nxf6
{[%clk 0:49:50]} 23. exf6 {[%clk 0:42:53]} Qd8 {[%clk 0:48:48]} 24. g4
{[%clk 0:35:13]} g5 {[%clk 0:39:16]} 25. Nxg5 {[%clk 0:35:00]} Qxf6
{[%clk 0:39:19]} 26. Nf3 {[%clk 0:35:02]} Qxh4 {[%clk 0:36:16]} 27. Nxh4
{[%clk 0:34:55]} Ke7 {[%clk 0:36:14]} 28. f4 {[%clk 0:33:14]} Nc8
{[%clk 0:32:16]} 29. Kf2 {[%clk 0:30:30]} Nd6 {[%clk 0:31:56]} 30. Bf3
{[%clk 0:30:20]} Rha8 {[%clk 0:28:43]} 31. Ke3 {[%clk 0:23:40]} b5
{[%clk 0:28:01]} 32. axb5 {[%clk 0:23:24]} Nxb5 {[%clk 0:28:04]} 33. Kd2
{[%clk 0:23:21]} a4 {[%clk 0:27:40]} 34. Re1 {[%clk 0:22:54]} Nd6
{[%clk 0:27:01]} 35. Re5 {[%clk 0:21:16]} Rb6 {[%clk 0:25:51]} 36. Re1
{[%clk 0:18:06]} Rab8 {[%clk 0:23:51]} 37. Ng2 {[%clk 0:16:22]} Rb1
{[%clk 0:21:38]} 38. h4 {[%clk 0:15:21]} Rxe1 {[%clk 0:20:28]} 39. Nxe1
{[%clk 0:15:25]} Rb1 {[%clk 0:20:19]} 40. Ra3 {[%clk 0:11:40]} f6
{[%clk 0:19:06]} 41. Ra2 {[%clk 0:11:20]} e5 {[%clk 0:13:30]} 42. fxe5
{[%clk 0:10:47]} fxe5 {[%clk 0:13:35]} 43. dxe5 {[%clk 0:10:42]} Nf7
{[%clk 0:13:39]} 44. Bd1 {[%clk 0:09:46]} Nxe5 {[%clk 0:13:22]} 45. Be2
{[%clk 0:09:33]} Kd6 {[%clk 0:12:01]} 46. Nf3 {[%clk 0:08:53]} Nxg4
{[%clk 0:08:24]} 47. Nd4 {[%clk 0:08:48]} Nf6 {[%clk 0:08:21]} 48. Nxc6
{[%clk 0:07:40]} Kxc6 {[%clk 0:08:17]} 49. Rxa4 {[%clk 0:07:22]} Ne4+
{[%clk 0:08:22]} 50. Ke3 {[%clk 0:07:24]} Nxc3 {[%clk 0:08:28]} 51. Ra6+
{[%clk 0:06:18]} Kc5 {[%clk 0:08:25]} 52. Bf3 {[%clk 0:05:00]} d4+
{[%clk 0:07:10]} 53. Kd2 {[%clk 0:04:18]} Rf1 {[%clk 0:06:15]} 54. Bh5
{[%clk 0:03:04]} Ne4+ {[%clk 0:04:43]} 55. Ke2 {[%clk 0:03:11]} Ng3+
{[%clk 0:04:46]} 56. Kd2 {[%clk 0:03:20]} Nxh5 {[%clk 0:04:12]} 57. Ra5+
{[%clk 0:03:29]} Kb4 {[%clk 0:04:15]} 58. Rxh5 {[%clk 0:03:36]} Rf2+
{[%clk 0:04:20]} 59. Kd1 {[%clk 0:03:27]} Kc3 {[%clk 0:04:18]} 60. Rc5
{[%clk 0:02:38]} Rd2+ {[%clk 0:04:14]} 61. Ke1 {[%clk 0:02:11]} Rxc2
{[%clk 0:04:16]} 0-1

[Event "HSG Open 2016"]
[Site "Hilversum"]
[Date "2016.06.19"]
[Round "6.12"]
[White "Straat, Evert-Jan"]
[Black "Haast, Anne"]
[Result "0-1"]
[BlackElo "2293"]
[WhiteElo "2078"]
[LiveChessVersion "1.4.8"]

1. c4 {[%clk 1:50:18]} Nf6 {[%clk 1:49:33]} 2. g3 {[%clk 1:49:51]} g6
{[%clk 1:49:00]} 3. Bg2 {[%clk 1:49:55]} Bg7 {[%clk 1:49:06]} 4. Nc3
{[%clk 1:49:37]} O-O {[%clk 1:49:11]} 5. Nf3 {[%clk 1:49:38]} d6 {[%clk 1:49:05]}
6. O-O {[%clk 1:49:19]} e5 {[%clk 1:49:07]} 7. d3 {[%clk 1:48:40]} Nc6
{[%clk 1:48:18]} 8. Rb1 {[%clk 1:48:06]} Nh5 {[%clk 1:44:37]} 9. b4
{[%clk 1:44:29]} f5 {[%clk 1:44:20]} 10. b5 {[%clk 1:42:51]} Ne7 {[%clk 1:44:16]}
11. Bd2 {[%clk 1:37:55]} f4 {[%clk 1:43:44]} 12. a4 {[%clk 1:36:31]} a5
{[%clk 1:36:09]} 13. Qb3 {[%clk 1:18:10]} Kh8 {[%clk 1:34:52]} 14. Nd5
{[%clk 1:14:55]} Nxd5 {[%clk 1:30:41]} 15. cxd5 {[%clk 1:14:59]} b6
{[%clk 1:30:47]} 16. Bc3 {[%clk 1:12:24]} fxg3 {[%clk 1:28:21]} 17. hxg3
{[%clk 1:10:07]} Bg4 {[%clk 1:27:59]} 18. Bd2 {[%clk 1:06:53]} Qd7
{[%clk 1:23:58]} 19. Kh2 {[%clk 1:04:34]} Rae8 {[%clk 1:22:08]} 20. Qc4
{[%clk 1:04:19]} Nf6 {[%clk 1:20:48]} 21. Rbc1 {[%clk 1:01:33]} e4
{[%clk 1:17:07]} 22. dxe4 {[%clk 1:01:06]} Nxe4 {[%clk 1:16:23]} 23. Be3
{[%clk 0:58:35]} Nc5 {[%clk 1:12:51]} 24. Nd4 {[%clk 0:53:57]} Re5
{[%clk 1:08:05]} 25. Ne6 {[%clk 0:50:55]} Bxe6 {[%clk 1:05:04]} 26. dxe6
{[%clk 0:50:58]} Qxe6 {[%clk 1:05:00]} 27. Qxe6 {[%clk 0:43:45]} Rxe6
{[%clk 1:04:45]} 28. Rc4 {[%clk 0:43:02]} d5 {[%clk 0:56:31]} 29. Bxc5
{[%clk 0:38:08]} dxc4 {[%clk 0:55:51]} 30. Bxf8 {[%clk 0:38:12]} Bxf8
{[%clk 0:55:59]} 31. Rc1 {[%clk 0:26:28]} Rxe2 {[%clk 0:55:19]} 32. Rxc4
{[%clk 0:26:33]} Bd6 {[%clk 0:52:43]} 33. f4 {[%clk 0:25:34]} Kg7
{[%clk 0:52:33]} 34. Kh3 {[%clk 0:25:01]} Re3 {[%clk 0:50:56]} 35. Bd5
{[%clk 0:18:53]} h5 {[%clk 0:49:54]} 36. Kg2 {[%clk 0:16:53]} g5 {[%clk 0:47:35]}
37. Bf3 {[%clk 0:16:34]} g4 {[%clk 0:46:47]} 38. Bd5 {[%clk 0:15:00]} Rd3
{[%clk 0:45:44]} 39. Be4 {[%clk 0:14:42]} Rd2+ {[%clk 0:45:39]} 40. Kf1
{[%clk 0:14:04]} Bc5 {[%clk 0:43:38]} 41. Bc2 {[%clk 0:13:13]} Rf2+
{[%clk 0:43:03]} 42. Ke1 {[%clk 0:13:17]} Rf3 {[%clk 0:43:01]} 0-1